Bỏ đói ung thư đừng bỏ đói mình
Quyển sách này là hành trình chứa đầy cảm hứng của tác giả, kể về việc tự nghiên cứu và áp dụng chế độ ăn uống đặc biệt cùng thuốc để đối phó với ung thư. Nó không chỉ giới thiệu các phương pháp điều trị tiên tiến mà còn truyề...
Zapisane w:
| 1. autor: | |
|---|---|
| Kolejni autorzy: | |
| Format: | Książka |
| Język: | Vietnamese |
| Wydane: |
H.
Thanh Niên
2021
|
| Hasła przedmiotowe: | |
| Etykiety: |
Dodaj etykietę
Nie ma etykietki, Dołącz pierwszą etykiete!
|
| Thư viện lưu trữ: | Thư viện Trường Đại học Nam Cần Thơ |
|---|
| LEADER | 01431nam a22002057a 4500 | ||
|---|---|---|---|
| 001 | NCT_4_009691 | ||
| 008 | 240617b xxu||||| |||| 00| 0 vie d | ||
| 999 | |c 8427 |d 8427 | ||
| 020 | |c 149000 |a 9786043229578 | ||
| 082 | 0 | 4 | |2 23rd ed. |a 616.994 |b M542 |
| 100 | 1 | |a McLelland, Jane | |
| 245 | 1 | 0 | |a Bỏ đói ung thư đừng bỏ đói mình |c Jane McLelland ; Thanh Tâm (Dịch) |
| 260 | |a H. |b Thanh Niên |c 2021 | ||
| 300 | |a 381 tr. |c 24cm |b minh họa | ||
| 520 | 3 | |a Quyển sách này là hành trình chứa đầy cảm hứng của tác giả, kể về việc tự nghiên cứu và áp dụng chế độ ăn uống đặc biệt cùng thuốc để đối phó với ung thư. Nó không chỉ giới thiệu các phương pháp điều trị tiên tiến mà còn truyền tải thông điệp về sự lạc quan và sức mạnh của ý chí trong những thử thách khó khăn nhất của cuộc đời. Đây là nguồn cảm hứng vô giá cho những ai quan tâm đến sức khỏe và sự sống. | |
| 653 | |a Y Đa khoa | ||
| 700 | 1 | |a Thanh Tâm |e dịch | |
| 942 | |2 ddc |c BK | ||
| 952 | |0 0 |1 0 |2 ddc |4 0 |6 616_994000000000000_M542 |7 0 |9 29087 |a 000001 |b 000001 |d 2024-06-17 |o 616.994 M542 |p MD.22433 |r 2024-06-17 |v 149000.00 |w 2024-06-17 |y BK | ||
| 980 | |a Thư viện Trường Đại học Nam Cần Thơ | ||


